000 00287nam a22001337a 4500
020 _a978-93-81318-88-1
082 _a641.5
_bBEL/P
100 _aBELKIS
245 _aPAACHAKAMANJARI
260 _aTHRISSUR
_bH & C BOOKS
_c2012
300 _a96
650 _aCOOKING BOOK
_zINDIA
942 _cBK
999 _c981
_d981